[Event "6. Bayer Open"]
[Site "Leverkusen"]
[Date "2009.01.12"]
[Round "1"]
[White "Khanukov, Boris"]
[Black "Schillings, Peter"]
[Result "1/2-1/2"]
[WhiteElo "2361"]
[BlackElo "1836"]
[PlyCount "76"]
[EventDate "2009.??.??"]
[SourceDate "2009.01.13"]

1. d4 Nf6 2. c4 e6 3. Nf3 b6 4. g3 Bb7 5. Bg2 Be7 6. O-O O-O 7. Nc3 Ne4 8. Qc2
Nxc3 9. Qxc3 d6 10. Rd1 Nd7 11. Qc2 Nf6 12. Ne1 Bxg2 13. Nxg2 c5 14. dxc5 bxc5
15. Bf4 Qb6 16. Rd3 d5 17. cxd5 Nxd5 18. Rb3 Qc6 19. Qc4 Nb6 20. Qb5 Rac8 21.
Rc1 c4 22. Qxc6 Rxc6 23. Rbc3 Bf6 24. R3c2 Rfc8 25. Bd2 Bxb2 26. Rxb2 c3 27.
Rxc3 Rxc3 28. Bxc3 Rxc3 29. Ne3 g6 30. Kf1 Nc4 31. Nxc4 Rxc4 32. Ke1 Kf8 33.
Kd2 Ke8 34. Kd3 Rc7 35. Rb5 Kd7 36. Ra5 Kc6 37. h4 Kb6 38. Ra3 Rc5 1/2-1/2

[Event "6. Bayer Open"]
[Site "Leverkusen"]
[Date "2009.01.12"]
[Round "1"]
[White "Wirtz, Uwe"]
[Black "Rotstein, Jefim"]
[Result "0-1"]
[WhiteElo "1773"]
[BlackElo "2279"]
[PlyCount "172"]
[EventDate "2009.??.??"]
[SourceDate "2009.01.13"]

1. e4 c5 2. c3 Nf6 3. e5 Nd5 4. d4 cxd4 5. cxd4 e6 6. Nf3 d6 7. Bc4 Nb6 8. Bb3
dxe5 9. dxe5 Qxd1+ 10. Bxd1 Bd7 11. O-O Nc6 12. a3 h6 13. Nc3 g5 14. h3 Bg7 15.
Re1 Nc4 16. Nb5 O-O 17. Nd6 Nxd6 18. exd6 Rfd8 19. Be2 Be8 20. Rd1 Bf8 21. h4
f6 22. hxg5 hxg5 23. Bc4 Bf7 24. d7 g4 25. Nh2 Ne5 26. Be2 g3 27. fxg3 Bc5+ 28.
Kf1 Nxd7 29. Ng4 Kg7 30. b4 Bb6 31. Bh6+ Kg6 32. Bd3+ f5 33. Bf4 Bd4 34. Bxf5+
exf5 35. Rxd4 fxg4 36. Bc7 Rh8 37. Rxg4+ Kf5 38. Rf4+ Kg6 39. Rg4+ Kf6 40. Rf4+
Kg7 41. Rg4+ Bg6 42. Kg1 Rae8 43. Rc1 Nf6 44. Rd4 Re2 45. Bf4 Be4 46. Rd2 Rxd2
47. Bxd2 Rd8 48. Rc7+ Kg6 49. Bc3 Bc6 50. Bxf6 Kxf6 51. a4 Rd2 52. b5 Bxg2 53.
a5 Be4 54. a6 bxa6 55. bxa6 Kf5 56. Rxa7 Kg4 57. Rg7+ Kf3 58. Rf7+ Ke3 59. a7
Rg2+ 60. Kf1 Rh2 61. Ke1 Ra2 62. Rd7 Ra1+ 63. Rd1 Rxa7 64. Rd8 Ra2 65. g4 Rg2
66. Rf8 Bf3 67. Re8+ Kf4 68. g5 Be4 69. Rf8+ Ke3 70. Rf6 Rxg5 71. Rf8 Rb5 72.
Rd8 Rb2 73. Rd6 Rb8 74. Rd7 Rf8 75. Re7 Rh8 76. Rf7 Rh6 77. Rf8 Bc6 78. Kd1 Rh2
79. Kc1 Be4 80. Rd8 Rc2+ 81. Kd1 Rb2 82. Ke1 Rb7 83. Rd6 Bf5 84. Rd8 Bd7 85.
Kd1 Rc7 86. Rf8 Ba4+ 0-1

[Event "6. Bayer Open"]
[Site "Leverkusen"]
[Date "2009.01.12"]
[Round "1"]
[White "Auer, Martin"]
[Black "Remmler, Dirk"]
[Result "1-0"]
[WhiteElo "2242"]
[BlackElo "1747"]
[PlyCount "39"]
[EventDate "2009.??.??"]
[SourceDate "2009.01.13"]

1. e4 e6 2. d4 d5 3. Nc3 Bb4 4. e5 Ne7 5. a3 Bxc3+ 6. bxc3 c5 7. Nf3 Nbc6 8. h4
Qa5 9. Bd2 O-O 10. Bd3 f6 11. exf6 Rxf6 12. O-O Bd7 13. c4 Qc7 14. dxc5 Ne5 15.
Nxe5 Qxe5 16. Bg5 Rf7 17. Rb1 Qc7 18. Qe2 Raf8 19. Bxe7 Rxe7 20. cxd5 1-0

[Event "6. Bayer Open"]
[Site "Leverkusen"]
[Date "2009.01.12"]
[Round "1"]
[White "Domnick, Michael"]
[Black "Balduan, Markus"]
[Result "0-1"]
[WhiteElo "1740"]
[BlackElo "2290"]
[PlyCount "78"]
[EventDate "2009.??.??"]
[SourceDate "2009.01.13"]

1. e4 c5 2. f4 d5 3. e5 Nc6 4. Nf3 Bg4 5. h3 Bxf3 6. Qxf3 e6 7. Bb5 Nge7 8. O-O
Qb6 9. Ba4 c4+ 10. Kh2 Qa5 11. Nc3 a6 12. b4 Qd8 13. b5 axb5 14. Bxb5 Nf5 15.
Qf2 h5 16. a4 Be7 17. Ba3 O-O 18. Bxe7 Qxe7 19. d3 d4 20. Ne4 Ne3 21. Rg1 Nb4
22. dxc4 Nbxc2 23. Rac1 Nb4 24. c5 Nbd5 25. g4 hxg4 26. hxg4 f6 27. Qh4 fxe5
28. Ng5 g6 29. Qh6 Nxf4 30. c6 bxc6 31. Rxc6 Ra7 32. Kg3 Qa3 33. Kh2 Qa2+ 34.
Kh1 Qd5+ 35. Kh2 Qa2+ 36. Kh1 Rg7 37. Rc5 Qa3 38. Rxe5 Qd6 39. Rxe3 dxe3 0-1

[Event "6. Bayer Open"]
[Site "Leverkusen"]
[Date "2009.01.12"]
[Round "1"]
[White "Ivic, Roman"]
[Black "Baier, Uwe"]
[Result "0-1"]
[WhiteElo "2070"]
[BlackElo "1719"]
[PlyCount "84"]
[EventDate "2009.??.??"]
[SourceDate "2009.01.13"]

1. c4 d6 2. Nc3 e5 3. g3 Nd7 4. Bg2 c6 5. d3 Ngf6 6. e4 Be7 7. Nge2 a5 8. O-O
Nc5 9. Qc2 Be6 10. Kh1 Qd7 11. f4 Bh3 12. f5 Bxg2+ 13. Kxg2 d5 14. Rd1 d4 15.
Na4 Nxa4 16. Qxa4 b5 17. Qc2 O-O 18. h3 Rfb8 19. b3 a4 20. Bd2 Ra6 21. Be1 Qa7
22. cxb5 axb3 23. Qxb3 Rxb5 24. Qc2 Qb7 25. Rdb1 Rab6 26. Rxb5 Rxb5 27. Kf2 Rb2
28. Qd1 c5 29. Kf3 c4 30. g4 c3 31. Nxc3 dxc3 32. Bxc3 Rb5 33. a4 Rb3 34. Rc1
g6 35. g5 Nd7 36. f6 Ba3 37. Rc2 Nc5 38. Ke2 Rb1 39. Qd2 Nxe4 40. dxe4 Qxe4+
41. Kf2 Bc5+ 42. Kg3 Rg1+ 0-1

[Event "6. Bayer Open"]
[Site "Leverkusen"]
[Date "2009.01.12"]
[Round "1"]
[White "van Kempen, Heinz"]
[Black "Kniest, Oliver"]
[Result "0-1"]
[WhiteElo "1707"]
[BlackElo "2213"]
[PlyCount "64"]
[EventDate "2009.??.??"]
[SourceDate "2009.01.13"]

1. e4 e5 2. Nf3 Nc6 3. Bc4 Bc5 4. b4 Bxb4 5. c3 Ba5 6. O-O d6 7. d4 exd4 8.
cxd4 Bb6 9. Re1 Bg4 10. Be3 Nf6 11. Nc3 O-O 12. Bb3 Ba5 13. Rc1 Bxc3 14. Rxc3
Nxe4 15. Rc1 d5 16. h3 Bh5 17. g4 Bg6 18. Ne5 Nxe5 19. dxe5 c6 20. f4 Qh4 21.
Qf3 f5 22. exf6 Qxf6 23. f5 Bf7 24. Rcd1 Rfe8 25. Bd4 Qd6 26. Re3 c5 27. Ba1
Ng5 28. Rxe8+ Rxe8 29. Qc3 d4 30. Bxf7+ Nxf7 31. Re1 Rxe1+ 32. Qxe1 Qe5 0-1

[Event "6. Bayer Open"]
[Site "Leverkusen"]
[Date "2009.01.12"]
[Round "1"]
[White "Reinemer, Frank"]
[Black "Arnold, Bodo"]
[Result "1-0"]
[WhiteElo "2151"]
[BlackElo "1705"]
[PlyCount "51"]
[EventDate "2009.??.??"]
[SourceDate "2009.01.13"]

1. d4 Nf6 2. c4 d5 3. cxd5 Nxd5 4. e4 Nb6 5. Nc3 e6 6. Nf3 N8d7 7. Bf4 Bd6 8.
Bxd6 cxd6 9. a4 Nf6 10. a5 Nbd7 11. Nb5 Nb8 12. e5 dxe5 13. dxe5 Nd5 14. Nd6+
Ke7 15. Ng5 Rf8 16. Nxh7 Rh8 17. Qh5 Qg8 18. Nxc8+ Qxc8 19. Qg5+ Kd7 20. Qxg7
Qg8 21. Nf6+ Nxf6 22. Qxf6 Nc6 23. Bb5 Rd8 24. Bxc6+ Kxc6 25. O-O Kc7 26. Qe7+
1-0

[Event "6. Bayer Open"]
[Site "Leverkusen"]
[Date "2009.01.12"]
[Round "1"]
[White "Axmann, Michael"]
[Black "Wolfradt, Dirk"]
[Result "0-1"]
[WhiteElo "1687"]
[BlackElo "2078"]
[PlyCount "58"]
[EventDate "2009.??.??"]
[SourceDate "2009.01.13"]

1. d4 Nf6 2. Nd2 d5 3. f4 Bf5 4. Ngf3 Nc6 5. c3 e6 6. e3 a6 7. Ne5 Nxe5 8. fxe5
Ne4 9. Nf3 Be7 10. g3 O-O 11. Bg2 c5 12. O-O b5 13. Nd2 Nxd2 14. Bxd2 b4 15.
Qe1 Rb8 16. e4 bxc3 17. bxc3 dxe4 18. Bxe4 Bh3 19. Be3 Bxf1 20. Qxf1 Qa5 21.
Qd3 g6 22. Bh6 Rfd8 23. d5 exd5 24. Bxd5 c4 25. Bxf7+ Kxf7 26. Rf1+ Kg8 27. Qe2
Qd5 28. h4 Bc5+ 29. Kh2 Qd3 0-1

[Event "6. Bayer Open"]
[Site "Leverkusen"]
[Date "2009.01.12"]
[Round "1"]
[White "Krauth, Alexander"]
[Black "van Schyndel, Andreas"]
[Result "1-0"]
[WhiteElo "2132"]
[BlackElo "1672"]
[PlyCount "71"]
[EventDate "2009.??.??"]
[SourceDate "2009.01.13"]

1. d4 e6 2. Bf4 d5 3. e3 c6 4. Nd2 Nf6 5. Bd3 Nbd7 6. c3 Be7 7. Qe2 O-O 8. Ngf3
a6 9. h3 c5 10. a4 b6 11. Ne5 Bb7 12. O-O Ne8 13. e4 f6 14. Nxd7 Qxd7 15. exd5
exd5 16. Rfe1 Bd6 17. Bxd6 Nxd6 18. Qe6+ Qxe6 19. Rxe6 Rad8 20. Rae1 Rfe8 21.
Rxe8+ Rxe8 22. Rxe8+ Nxe8 23. g4 g5 24. Kg2 h6 25. Kg3 Kf7 26. f4 Nd6 27. h4
Ke7 28. hxg5 hxg5 29. fxg5 fxg5 30. Nf3 Nf7 31. Bg6 a5 32. Bxf7 Kxf7 33. Nxg5+
Kg6 34. Kf4 c4 35. Ne6 Bc6 36. Ke5 1-0

[Event "6. Bayer Open"]
[Site "Leverkusen"]
[Date "2009.01.12"]
[Round "1"]
[White "Witte, Volker"]
[Black "Hirth, Ulrich"]
[Result "1/2-1/2"]
[WhiteElo "1662"]
[BlackElo "2089"]
[PlyCount "108"]
[EventDate "2009.??.??"]
[SourceDate "2009.01.13"]

1. d4 Nf6 2. c4 e6 3. Nc3 Bb4 4. Nf3 O-O 5. g3 b6 6. Bg2 Bb7 7. Bf4 d6 8. O-O
Bxc3 9. bxc3 Nbd7 10. a4 a5 11. Rb1 Be4 12. Rb2 Qe7 13. Bg5 h6 14. Be3 e5 15.
Nh4 Bxg2 16. Kxg2 exd4 17. cxd4 Qe4+ 18. Kg1 g5 19. Ng2 Kg7 20. Qd3 Qxd3 21.
exd3 Nh7 22. Rb5 f5 23. h4 Kg6 24. hxg5 hxg5 25. f4 c6 26. Rb2 g4 27. Nh4+ Kf6
28. Re1 d5 29. cxd5 cxd5 30. Rb5 Rae8 31. Rxd5 Ke6 32. Rb5 Rf6 33. Bc1+ Kf7 34.
Rxe8 Kxe8 35. Kf2 Nhf8 36. Nxf5 Ne6 37. Be3 Nc7 38. Ng7+ Kf7 39. Rg5 Rg6 40.
Nf5 Rxg5 41. fxg5 Nd5 42. Nh6+ Kg6 43. Nxg4 Nc3 44. Ne5+ Nxe5 45. dxe5 Nxa4 46.
e6 b5 47. Ke2 Nc3+ 48. Kd2 Nd5 49. Bf4 Kf5 50. e7 Nxe7 51. Bc7 a4 52. Bd8 Nd5
53. Kc2 b4 54. Kb2 Kg6 1/2-1/2

[Event "6. Bayer Open"]
[Site "Leverkusen"]
[Date "2009.01.12"]
[Round "1"]
[White "Peschel, Andreas"]
[Black "Gülden, Ralf"]
[Result "1-0"]
[WhiteElo "2084"]
[BlackElo "1636"]
[PlyCount "141"]
[EventDate "2009.??.??"]
[SourceDate "2009.01.13"]

1. d4 Nf6 2. c4 e6 3. Nf3 Be7 4. g3 O-O 5. Bg2 d5 6. O-O c5 7. cxd5 Nxd5 8. e4
Nf6 9. Nc3 cxd4 10. Nxd4 Nc6 11. Nxc6 bxc6 12. Qc2 e5 13. Rd1 Qc7 14. Nd5 Qb7
15. Nxe7+ Qxe7 16. Qxc6 Bb7 17. Qa4 Rfc8 18. Bg5 Bc6 19. Qa5 Rab8 20. Rac1 h6
21. Bxf6 Qxf6 22. Rc2 Qe6 23. Rdc1 Bd7 24. Rxc8+ Rxc8 25. Rxc8+ Bxc8 26. Qxa7
Qc4 27. h4 Qc1+ 28. Kh2 Qxb2 29. Qa8 Qb7 30. Qxb7 Bxb7 31. g4 g5 32. Kg3 Kf8
33. hxg5 hxg5 34. Kf3 Ba6 35. Ke3 Ke7 36. Bf3 Kd6 37. Be2 Bb7 38. Bc4 f6 39.
Kd3 Kc5 40. a3 Bc6 41. f3 Ba4 42. Ba6 Bd1 43. Ke3 Ba4 44. Be2 Bb3 45. Kd3 Bc4+
46. Kd2 Bb3 47. Bd1 Bc4 48. Kc3 Bf1 49. Kd2 Bc4 50. Ba4 Bf1 51. Bd7 Kd4 52. Bc8
Bb5 53. Be6 Ba4 54. Bd5 Bb5 55. Bb3 Bf1 56. Bc2 Bc4 57. Bd1 Kc5 58. Be2 Bb3 59.
Bd3 Kd4 60. Bc2 Bc4 61. a4 Kc5 62. Bd3 Bb3 63. a5 Ba4 64. a6 Kb6 65. Be2 Bc6
66. Kc3 Kc5 67. Bc4 Kb6 68. Kb4 Bd7 69. a7 Kxa7 70. Kc5 Ba4 71. Be2 1-0

[Event "6. Bayer Open"]
[Site "Leverkusen"]
[Date "2009.01.12"]
[Round "1"]
[White "van Kempen, Susanne"]
[Black "Niederreuther, Mark-Niels"]
[Result "0-1"]
[WhiteElo "1612"]
[BlackElo "1904"]
[PlyCount "60"]
[EventDate "2009.??.??"]
[SourceDate "2009.01.13"]

1. e4 d6 2. d4 Nf6 3. Nc3 g6 4. Nf3 Bg7 5. Bd3 O-O 6. O-O c6 7. Ne2 Bg4 8. Nd2
e5 9. f3 Be6 10. dxe5 dxe5 11. Bc4 Qe7 12. Bxe6 Qxe6 13. Ng3 Na6 14. c3 Rad8
15. Qe2 Nc5 16. Qc4 b6 17. Qxe6 Nxe6 18. Nc4 Nd7 19. Be3 Ndc5 20. Rad1 f6 21.
b3 Kf7 22. Kf2 Nd3+ 23. Ke2 Ndf4+ 24. Bxf4 Nxf4+ 25. Kf2 Ke7 26. Rd2 Bh6 27.
Rxd8 Rxd8 28. h4 Rd3 29. h5 Rxc3 30. Ne3 Nd3+ 0-1

[Event "6. Bayer Open"]
[Site "Leverkusen"]
[Date "2009.01.12"]
[Round "1"]
[White "Kies, Werner"]
[Black "Runte, Dirk"]
[Result "1-0"]
[WhiteElo "1916"]
[BlackElo "1610"]
[PlyCount "157"]
[EventDate "2009.??.??"]
[SourceDate "2009.01.13"]

1. e4 d6 2. d4 Nf6 3. Bd3 c6 4. f4 g6 5. Nf3 Bg4 6. O-O Qb6 7. c3 Bg7 8. Kh1
O-O 9. h3 Bxf3 10. Rxf3 Nbd7 11. Nd2 e5 12. fxe5 dxe5 13. Nc4 Qc7 14. dxe5 Nxe5
15. Bf4 Nfd7 16. Qe2 Qd8 17. Rg3 Nxd3 18. Rxd3 Qh4 19. Bg3 Qg5 20. h4 Qe7 21.
Bd6 Qxh4+ 22. Rh3 Qg5 23. Bxf8 Nxf8 24. Rf1 Rd8 25. Qf2 Rd7 26. Qxa7 b5 27. Qa5
Qg4 28. Ne3 Qxe4 29. Qb6 Rd2 30. Qc7 f5 31. Qg3 Be5 32. Qf3 Qxf3 33. Rhxf3 Rxb2
34. c4 Rxa2 35. cxb5 cxb5 36. Rb1 Ne6 37. Rxb5 Bc7 38. Rb7 Ra1+ 39. Rf1 Ra3 40.
Nd5 Be5 41. Re7 Rd3 42. Nb4 Rd6 43. Rc1 Bf4 44. Rf1 Be5 45. Nc2 Bg3 46. Ra1 f4
47. Kg1 Bh4 48. Rb7 Rd2 49. Ne1 Bf6 50. Ra8+ Nf8 51. Nf3 Rd1+ 52. Kf2 Rd6 53.
Rbb8 Bg7 54. Ng5 h6 55. Ne4 Re6 56. Kf3 g5 57. Rd8 Kf7 58. Nd6+ Kg6 59. Ne4 Kf7
60. Nc5 Re3+ 61. Kf2 Re7 62. Ra6 Rc7 63. Ne4 g4 64. Nd6+ Kg8 65. Nf5 Kh7 66.
Nxg7 Kxg7 67. Rdd6 Rc2+ 68. Kf1 g3 69. Ra7+ Kg8 70. Rd8 Rc1+ 71. Ke2 Rg1 72.
Kf3 Rf1+ 73. Kg4 Rf2 74. Raa8 Rxg2 75. Rxf8+ Kg7 76. Rfb8 Rf2 77. Ra6 h5+ 78.
Kg5 Re2 79. Ra7+ 1-0

[Event "6. Bayer Open"]
[Site "Leverkusen"]
[Date "2009.01.12"]
[Round "1"]
[White "Fröhling, Ewald"]
[Black "Böhm, Stefan"]
[Result "0-1"]
[WhiteElo "1607"]
[BlackElo "1976"]
[PlyCount "65"]
[EventDate "2009.??.??"]
[SourceDate "2009.01.13"]

1. e4 c5 2. Nf3 a6 3. d4 cxd4 4. Nxd4 Nf6 5. Nc3 e5 6. Nb3 Bb4 7. Qf3 d5 8.
exd5 Qxd5 9. Qg3 Qe4+ 10. Be2 O-O 11. Bd2 Qxc2 12. Bd3 Qxb2 13. Rb1 Qa3 14. O-O
Bxc3 15. Bxc3 Nc6 16. f4 Nd5 17. Ba1 Qb4 18. fxe5 Qg4 19. Bxh7+ Kxh7 20. Qd3+
Qg6 21. Qxd5 Be6 22. Qf3 Rad8 23. Qf2 Rd5 24. Nc5 Nxe5 25. Nxe6 Qxe6 26. Rxb7
Ng4 27. Qh4+ Kg8 28. Rb4 Qe3+ 29. Kh1 Nf2+ 30. Kg1 Nd3+ 31. Kh1 Nxb4 32. Qxb4
Qe2 33. Rc1 0-1

[Event "6. Bayer Open"]
[Site "Leverkusen"]
[Date "2009.01.12"]
[Round "1"]
[White "Pützkaul, Karl"]
[Black "Kinnert, Reinhard"]
[Result "1-0"]
[WhiteElo "1821"]
[BlackElo "1579"]
[PlyCount "93"]
[EventDate "2009.??.??"]
[SourceDate "2009.01.13"]

1. d4 Nf6 2. c4 c5 3. d5 d6 4. Nc3 g6 5. e4 Nbd7 6. Nf3 Bg7 7. Bd3 O-O 8. O-O
Ng4 9. h3 Nge5 10. Nxe5 Nxe5 11. Be2 b6 12. f4 Nd7 13. Be3 Re8 14. Qd2 Ba6 15.
Rac1 Rb8 16. a4 Qc7 17. Kh1 Kh8 18. b3 Rf8 19. Bd3 Rbe8 20. Ne2 Bc8 21. Ng3 Nb8
22. Qf2 Na6 23. Bb1 Bd7 24. Bd2 Qc8 25. Bc3 Bxc3 26. Rxc3 Nc7 27. e5 Qd8 28.
Ne4 dxe5 29. fxe5 Bf5 30. Qd2 Bxe4 31. Bxe4 f5 32. Bf3 Ne6 33. Rd3 Nd4 34. Rxd4
cxd4 35. Qxd4 e6 36. d6 Rf7 37. b4 Kg8 38. c5 bxc5 39. bxc5 Qc8 40. c6 Rd8 41.
Rb1 Qa6 42. Rb5 f4 43. d7 g5 44. Qc5 Re7 45. c7 Rexd7 46. cxd8=Q+ Rxd8 47. Bb7
1-0

[Event "6. Bayer Open"]
[Site "Leverkusen"]
[Date "2009.01.12"]
[Round "1"]
[White "Neumann, Thomas"]
[Black "Wulfken, Christof"]
[Result "1-0"]
[WhiteElo "1567"]
[BlackElo "1893"]
[PlyCount "67"]
[EventDate "2009.??.??"]
[SourceDate "2009.01.13"]

1. e4 c5 2. Nf3 e6 3. d4 cxd4 4. Nxd4 Nf6 5. Nc3 Bb4 6. Bd2 Bxc3 7. Bxc3 Nxe4
8. Qg4 Nxc3 9. Qxg7 Rf8 10. bxc3 a6 11. Be2 Qc7 12. Nf3 Nc6 13. O-O Ne7 14. Ng5
Nf5 15. Qf6 h6 16. Nh7 Rg8 17. Bh5 Rg7 18. Bg6 Qc6 19. g3 Nh4 20. f3 Qc5+ 21.
Rf2 Nxf3+ 22. Qxf3 fxg6 23. Nf6+ Kd8 24. Ne4 Qe7 25. Qf4 g5 26. Qe5 d5 27. Nf6
Bd7 28. Nh5 Rg8 29. Raf1 Rc8 30. Nf6 Rg7 31. Rf3 Rc6 32. Nxd7 Kxd7 33. Rf6 Rd6
34. Rxh6 {Zeit} 1-0

[Event "6. Bayer Open"]
[Site "Leverkusen"]
[Date "2009.01.12"]
[Round "1"]
[White "Buchkremer, Felix"]
[Black "Skiber, Friedel"]
[Result "1-0"]
[WhiteElo "2040"]
[BlackElo "1564"]
[PlyCount "43"]
[EventDate "2009.??.??"]
[SourceDate "2009.01.13"]

1. e4 d6 2. d4 Nf6 3. Nc3 g6 4. Be3 Bg7 5. Nf3 Nc6 6. Qd2 Ng4 7. Bg5 h6 8. Bh4
a6 9. a4 b6 10. Bc4 Rb8 11. Rd1 O-O 12. Qe2 Nb4 13. h3 Nf6 14. e5 Nh7 15. exd6
Re8 16. dxc7 Qxc7 17. Bg3 e5 18. O-O Rb7 19. Nxe5 Qd8 20. Nxf7 Rxf7 21. Bxf7+
Kxf7 22. Qc4+ 1-0

[Event "6. Bayer Open"]
[Site "Leverkusen"]
[Date "2009.01.12"]
[Round "1"]
[White "Kolleck, Wolf-Dietrich"]
[Black "Scharff, Klaus"]
[Result "0-1"]
[WhiteElo "1524"]
[BlackElo "1863"]
[PlyCount "118"]
[EventDate "2009.??.??"]
[SourceDate "2009.01.13"]

1. d4 Nf6 2. c4 g6 3. Nc3 Bg7 4. Nf3 d6 5. e3 O-O 6. Be2 Nbd7 7. Qc2 a6 8. b3
c6 9. Bb2 b5 10. O-O h6 11. h3 Nh7 12. Rfd1 e6 13. Rd2 Re8 14. Rad1 f5 15. Bf1
g5 16. g3 Ndf8 17. Bg2 Ra7 18. Re2 Rf7 19. Nh2 d5 20. cxd5 cxd5 21. Qd3 Bd7 22.
Rc2 h5 23. Ne2 Nf6 24. Rdc1 Ne4 25. f3 Nd6 26. Ba3 Nc8 27. f4 Ng6 28. Qd1 h4
29. g4 a5 30. Bb2 Nd6 31. Bc3 b4 32. Be1 Bb5 33. Nf3 Bxe2 34. Qxe2 gxf4 35. g5
Ne4 36. Qa6 Qa8 37. Qb6 fxe3 38. Rc6 Rb7 39. Qa6 Ra7 40. Qe2 f4 41. Nxh4 Nxh4
42. Bxe4 dxe4 43. Bxh4 Rf7 44. Qc4 Kh8 45. d5 exd5 46. Qxd5 Rff8 47. g6 Re5 48.
Qd7 Qe8 49. Qb7 Re6 50. Rc8 Qxg6+ 51. Kh2 Rxc8 52. Rxc8+ Re8 53. Rc1 f3 54. Rg1
Be5+ 55. Bg3 Qd6 56. Qf7 Bxg3+ 57. Rxg3 Qe5 58. Qg6 Qb2+ 59. Kh1 Qc1+ 0-1

[Event "6. Bayer Open"]
[Site "Leverkusen"]
[Date "2009.01.12"]
[Round "1"]
[White "Balduan, Karl-Heinz"]
[Black "Schimpf, Rolf"]
[Result "1-0"]
[WhiteElo "1464"]
[BlackElo "1763"]
[PlyCount "109"]
[EventDate "2009.??.??"]
[SourceDate "2009.01.13"]

1. d4 f5 2. Bg5 d6 3. e3 c6 4. Bc4 d5 5. Bd3 g6 6. h4 h6 7. Bf4 Bg7 8. g4 e6 9.
gxf5 exf5 10. h5 g5 11. Bxb8 Rxb8 12. Qf3 Ne7 13. Qg3 Be6 14. Nh3 O-O 15. Nxg5
hxg5 16. Qxg5 Nc8 17. Qg3 Qd6 18. f4 Kh8 19. h6 Bf6 20. Nd2 Rg8 21. Qh3 Ne7 22.
Nf3 Qb4+ 23. Kf2 Rg4 24. a3 Qxb2 25. Rab1 Qxa3 26. h7 Qd6 27. Qh5 Rg6 28. Rhg1
Rxg1 29. Rxg1 Rf8 30. Ne5 Qd8 31. Qh6 Qe8 32. Be2 Bxe5 33. dxe5 Rf7 34. Bh5 Qf8
35. Rg8+ Nxg8 36. hxg8=Q+ Kxg8 37. Qxe6 Qe7 38. Bxf7+ Qxf7 39. Qc8+ Kg7 40. Ke2
Qe7 41. Qxf5 b5 42. Kd3 c5 43. e6 a5 44. Qxd5 c4+ 45. Kc3 Qb4+ 46. Kd4 Qd2+ 47.
Kc5 Qxd5+ 48. Kxd5 Kf8 49. Kd6 Ke8 50. f5 a4 51. f6 a3 52. f7+ Kf8 53. Kd7 a2
54. e7+ Kxf7 55. e8=Q+ 1-0

[Event "6. Bayer Open"]
[Site "Leverkusen"]
[Date "2009.01.12"]
[Round "1"]
[White "Azimi, Reza"]
[Black "Friedsam, Manfred"]
[Result "0-1"]
[WhiteElo "1437"]
[BlackElo "1850"]
[PlyCount "76"]
[EventDate "2009.??.??"]
[SourceDate "2009.01.13"]

1. e4 e6 2. d4 d5 3. exd5 exd5 4. Nf3 Bd6 5. Bg5 f6 6. Bh4 Ne7 7. Bd3 O-O 8. c4
c6 9. Qc2 g6 10. Nc3 dxc4 11. Bxc4+ Kg7 12. Bg3 Bf5 13. Bd3 Na6 14. a3 Re8 15.
O-O Nc7 16. Bxd6 Qxd6 17. Ne4 Bxe4 18. Bxe4 Ned5 19. g3 Re7 20. Nh4 Qd7 21.
Bxg6 hxg6 22. Qxg6+ Kh8 23. Qh6+ Rh7 24. Ng6+ Kg8 25. Qd2 Qg4 26. f3 Qxg6 27.
Rfe1 Re8 28. Rxe8+ Nxe8 29. Re1 Nec7 30. b4 Re7 31. Rxe7 Nxe7 32. Qe2 Kf7 33.
Qc4+ Ned5 34. Qc5 Qd3 35. Kg2 Qe2+ 36. Kh3 Qxf3 37. Qd6 Qf5+ 38. Kg2 Ne3+ 0-1

[Event "6. Bayer Open"]
[Site "Leverkusen"]
[Date "2009.01.12"]
[Round "1"]
[White "Birnkott, Manfred"]
[Black "Hoeper, Heinz-Joachim"]
[Result "1-0"]
[WhiteElo "1906"]
[BlackElo "1402"]
[PlyCount "93"]
[EventDate "2009.??.??"]
[SourceDate "2009.01.13"]

1. e4 e5 2. f4 exf4 3. Nf3 Nf6 4. Nc3 Bb4 5. e5 Bxc3 6. bxc3 Nd5 7. Bc4 Nb6 8.
Bb3 d6 9. O-O O-O 10. d4 dxe5 11. Nxe5 Nd5 12. Qf3 Be6 13. Bxf4 c6 14. Bc1 Nd7
15. Qg3 Kh8 16. Ba3 c5 17. Nxd7 Qxd7 18. Bxc5 Rfc8 19. c4 Nf6 20. Qd3 Qc7 21.
Qg3 Qd7 22. Qd3 Qc7 23. Qg3 Qxg3 24. hxg3 Ne4 25. d5 Nxc5 26. dxe6 fxe6 27. Rf7
Kg8 28. Raf1 Rf8 29. Rc7 Rxf1+ 30. Kxf1 b6 31. Ke2 h5 32. Ke3 Kh7 33. c3 Nxb3
34. axb3 Kg6 35. c5 b5 36. Rb7 a5 37. Rxb5 a4 38. bxa4 Rxa4 39. Rb4 Ra5 40. Rc4
Kf5 41. c6 Ra8 42. c7 Rc8 43. Kd4 e5+ 44. Kd5 e4 45. Kd6 e3 46. Rf4+ Kg5 47.
Kd7 1-0

[Event "6. Bayer Open"]
[Site "Leverkusen"]
[Date "2009.01.12"]
[Round "1"]
[White "Seelig, Jochen"]
[Black "Mummel, Christian"]
[Result "0-1"]
[WhiteElo "1392"]
[BlackElo "1793"]
[PlyCount "64"]
[EventDate "2009.??.??"]
[SourceDate "2009.01.13"]

1. c4 Nf6 2. Nc3 e6 3. a3 c5 4. Qa4 Be7 5. e4 O-O 6. e5 Ne8 7. b4 cxb4 8. axb4
Nc6 9. Ba3 Nxe5 10. d4 Ng6 11. g3 d5 12. c5 Bf6 13. Nge2 e5 14. Rd1 exd4 15.
Nxd4 Bg4 16. Rd2 Bf3 17. Rg1 Bxd4 18. Rxd4 Qe7+ 19. Kd2 Qe5 20. b5 Nf6 21. Bg2
Bxg2 22. Rxg2 Rfe8 23. Rg1 Qh5 24. h4 Ne5 25. g4 Nf3+ 26. Kc1 Qe5 27. Rgd1 Nxd4
28. Qxd4 Nxg4 29. Qxd5 Qxc3+ 30. Kb1 Qxa3 31. Qxb7 Qb3+ 32. Kc1 Nxf2 0-1

[Event "6. Bayer Open"]
[Site "Leverkusen"]
[Date "2009.01.12"]
[Round "1"]
[White "Gerdau, Andreas"]
[Black "von Oppenkowski, Roman"]
[Result "1-0"]
[WhiteElo "1883"]
[BlackElo "1365"]
[PlyCount "39"]
[EventDate "2009.??.??"]
[SourceDate "2009.01.13"]

1. e4 e5 2. Nf3 Nc6 3. Bb5 a6 4. Ba4 Nf6 5. O-O Be7 6. Re1 b5 7. Bb3 d6 8. h3
Na5 9. d4 Nxb3 10. axb3 exd4 11. Nxd4 Bb7 12. Bg5 O-O 13. Nf5 Re8 14. Nc3 Bc8
15. Nxe7+ Rxe7 16. e5 Nd7 17. Nd5 f6 18. Nxe7+ Qxe7 19. exf6 Qf8 20. Qd5+ 1-0

[Event "6. Bayer Open"]
[Site "Leverkusen"]
[Date "2009.01.12"]
[Round "1"]
[White "van Hove, Ode"]
[Black "Bigott, Martin"]
[Result "0-1"]
[WhiteElo "1308"]
[BlackElo "1683"]
[PlyCount "70"]
[EventDate "2009.??.??"]
[SourceDate "2009.01.13"]

1. e4 Nf6 2. e5 Nd5 3. Nc3 e6 4. Bc4 Nb6 5. Bb3 Nc6 6. Nf3 Na5 7. O-O Be7 8. d4
O-O 9. Ne2 d6 10. Ng3 Nxb3 11. axb3 dxe5 12. dxe5 Bd7 13. Qe2 c5 14. Rd1 Qc7
15. Ne4 Nd5 16. Bg5 Bxg5 17. Nexg5 Bc6 18. Qe4 g6 19. Qh4 h5 20. Ne4 f5 21.
Nxc5 Rae8 22. Qg5 Kh7 23. Nd3 a6 24. Re1 Ne7 25. Nh4 Be4 26. Nf4 Rg8 27. Rad1
Qxe5 28. Rd7 Rg7 29. Rxb7 Qd6 30. Ra7 e5 31. Nd3 Bxd3 32. cxd3 Qxd3 33. Rb7 Qd5
34. Rc7 Qxb3 35. Rxe5 Qd1+ 0-1

[Event "6. Bayer Open"]
[Site "Leverkusen"]
[Date "2009.01.12"]
[Round "1"]
[White "Gnass, Arno"]
[Black "Liebsch, Felix"]
[Result "0-1"]
[WhiteElo "1685"]
[BlackElo "1233"]
[PlyCount "112"]
[EventDate "2009.??.??"]
[SourceDate "2009.01.13"]

1. d4 d5 2. c4 e6 3. e3 Nf6 4. Nf3 b6 5. Nc3 Bb7 6. cxd5 Nxd5 7. a3 a6 8. Be2
Bd6 9. O-O Nd7 10. Qc2 O-O 11. b4 N7f6 12. Bb2 Qd7 13. Rac1 Rac8 14. Qb3 c5 15.
Ne5 Qe7 16. bxc5 bxc5 17. Bf3 Rb8 18. Qa2 Nxc3 19. Rxc3 Bxf3 20. Nxf3 Rb6 21.
dxc5 Bxc5 22. Rfc1 Ne4 23. Rc4 Rfb8 24. Bd4 Rc6 25. Ne5 Rc7 26. Nd3 Rbc8 27. f3
Bxd4 28. Rxc7 Bxe3+ 29. Kf1 Rxc7 30. Rxc7 Qxc7 31. fxe4 Qxh2 32. Qc4 h6 33.
Qc8+ Kh7 34. Qc2 Qg1+ 35. Ke2 Qxg2+ 36. Kd1 Qxc2+ 37. Kxc2 h5 38. Ne1 h4 39.
Kd3 Bf2 40. Nf3 Bg3 41. Ke2 Kh6 42. Kf1 g5 43. Kg2 f5 44. Nd4 fxe4 45. Nxe6 e3
46. Nd4 Kh5 47. Kh3 Be5 48. Ne2 g4+ 49. Kg2 h3+ 50. Kh1 g3 51. a4 Kg4 52. a5
Kf3 53. Ng1+ Kf2 54. Nxh3+ Kf1 55. Nf4 e2 56. Ng2 Kf2 0-1